Loading...

Urbanization and urban systems in India

Bibliographic Details
Main Author: Ramachandran, R
Format: Printed Book
Published: Oxford University Press, Delhi 1989
Subjects:
LEADER 00510nam a2200193 4500
020
082 |a 307.76 RAM-U 
100 |a Ramachandran, R 
245 |a Urbanization and urban systems in India 
250
260 |a Oxford University Press, Delhi  |c 1989 
300
490
500
590
650 |a Urban communities-- Sociology 
942 |c BK 
999 |c 111958  |d 111958 
952 |0 0  |1 0  |4 0  |6 307_760000000000000_RAMU  |7 0  |9 125425  |a ECN  |b ECN  |l 0  |o 307.76 RAM-U  |p ECN08984  |r 2019-09-25  |w 2019-09-25  |y BK